| 000 | 00396nam a22001577a 4500 | ||
|---|---|---|---|
| 999 |
_c9024 _d9024 |
||
| 003 | OSt | ||
| 008 | 200715b ||||| |||| 00| 0 eng d | ||
| 020 | _a9789386943088 | ||
| 100 | _aSachdeva,Monika and Dholpuria,Rajesh | ||
| 245 | _aA Practical Book Of Remedial Biology | ||
| 250 | _a2018 | ||
| 260 |
_aNew Delhi _bNirali |
||
| 300 | _aPg-11.2 | ||
| 650 | _aBiology and EVS | ||
| 942 |
_2ddc _cBK _01 |
||